The State of taxation
Enregistré dans:
| Format: | Livre |
|---|---|
| Langue: | Undetermined |
| Publié: |
[London]
Institute of Economic Affairs
1977
|
| Sujets: | |
| Tags: |
Ajouter un tag
Pas de tags, Soyez le premier à ajouter un tag!
|
| Thư viện lưu trữ: | Trung tâm Học liệu Trường Đại học Cần Thơ |
|---|
| LEADER | 00453nam a2200169Ia 4500 | ||
|---|---|---|---|
| 001 | CTU_84943 | ||
| 008 | 210402s9999 xx 000 0 und d | ||
| 082 | |a 336.2 | ||
| 082 | |b S797 | ||
| 245 | 4 | |a The State of taxation | |
| 245 | 0 | |c A. R. Prest ... [et al.] | |
| 260 | |a [London] | ||
| 260 | |b Institute of Economic Affairs | ||
| 260 | |c 1977 | ||
| 650 | |a taxation | ||
| 650 | |z great britain | ||
| 980 | |a Trung tâm Học liệu Trường Đại học Cần Thơ | ||